000 00519 a2200205 4500
001 132436
003 OSt
005 20211027145825.0
008
082 _a658.4056
_bR26R
100 1 _aRegester, Michael
245 1 _aRisk issues and crisis management
_cby Michael Regester and Judy Larkin
250 _a3rd ed.
260 _aNew Delhi
_bKogan Page
_c2008
300 _a236p.
630 _aManagement
690 _aManagement
700 _aLarkin, Judy
942 _2ddc
_cBK
999 _c6802
_d6802